| 000 | 01570nam0a2200289 4500 | ||
|---|---|---|---|
| 001 | RU\NLR\BIBL_A\022251366 | ||
| 005 | 20260405232922.0 | ||
| 035 | _a(NLR Aleph) 022251366 | ||
| 090 |
_a13190398 _c13190398 |
||
| 100 | _a20240613d1887 |||y0rusy50 ca | ||
| 101 | 0 | _arus | |
| 102 | _aRU | ||
| 105 | _ao w 000yb | ||
| 200 | 1 |
_aСв. Нифонт, Eпископ города Констанции, на острове Кипр _e(память его 23-го Декабря) |
|
| 205 | _aИзд. 5-е | ||
| 210 |
_aОдесса _cТипо-литография Е. Фесенко _dценз. 1887 |
||
| 215 |
_a8 с. _cил. _d22 |
||
| 225 | 1 |
_aБлагословение Обители Св. Пантелеимона _v№ 33 |
|
| 309 | _aБез тит. л. и обл. | ||
| 316 |
_aЭкз. РНБ входит в конволют, приплетен к: О покаянии / сочин. покойнаго Афонскаго иеромонаха Арсения. - Одесса: Типо-литография Фесенко, ценз. 1886 _5NLR: 18.257.1.305 |
||
| 482 | 0 |
_1001v19\rc\1249860 _95224698 _cОдесса _dценз. 1886 _eИзд. 5-е _fсочин. покойнаго Афонскаго иеромонаха Арсения _nТипо-литография Фесенко _p4 с. _tО покаянии |
|
| 702 | 0 |
_4280 _8rus _7ca _aНифонт _cепископ Кипрский _f4 в. _3RU\NLR\AUTH\77106692 _989617 |
|
| 852 |
_aNLR _j18.257.1.305(33) |
||
| 942 | _cBOOK | ||
| 980 | _aNB | ||